Statystyki dla Żeńskie Imiona na literę T

Kliknij tutaj aby rozwiązać quiz!

Ogólne statystyki

  • Ten quiz został rozwiązany 175 razy
  • Średni wynik to 3 z 10

Statystyki odpowiedzi

Imiona% Poprawnych
Teresa
92%
Tamara
70%
Teodora
50%
Tekla
38%
Teofila
35%
Telimena
25%
Tina
15%
Tolisława
6%
Temida
5%
Terencja
5%

Rozkład punktacji

Percentyl według liczby udzielonych odpowiedzi

Procent ludzi z każdym wynikiem

Twoja historia wyników

Nie rozwiązałeś tego quizu